Gaming Quiz

Random Gaming or Letter Quiz

Scrabble Score: Board Games Quiz Stats

 Plays Quiz Updated May 29, 2015

Challenge
Share
Tweet
Embed
Score 0/20 Timer 04:00
1 Play Today
Game Score % Correct
Risk???
63.6%
Sorry???
54.1%
Chess???
52.6%
Taboo???
48.3%
Trouble???
41.7%
Blokus???
39.5%
Cranium???
33.9%
Jenga???
33.5%
Stratego???
33.5%
Qwirkle???
32.2%
Game Score % Correct
Dominion???
29.8%
Monopoly???
29.2%
Scrabble???
28.6%
Operation???
28.6%
Sequence???
28.3%
Checkers???
28.1%
Carcassonne???
28%
Munchkin???
26.8%
Mousetrap???
26.2%
Backgammon???
19.9%

You're not logged in!

Compare scores with friends on all Sporcle quizzes.
Join for Free
OR
Log In

You Might Also Like...

Show Comments

Extras

Top Quizzes Today


Score Distribution

Your Account Isn't Verified!

In order to create a playlist on Sporcle, you need to verify the email address you used during registration. Go to your Sporcle Settings to finish the process.

Report this User

Report this user for behavior that violates our Community Guidelines.

Details: